[Event "WLS-ch"]
[Site "Ogmore-by-Sea"]
[Date "1992.04.19"]
[Round "4"]
[White "Green, Karl"]
[Black "Miles, Richard J"]
[Result "1/2-1/2"]
[WhiteElo "1780"]
[BlackElo "2100"]
[PlyCount "63"]
[EventDate "1992.04.17"]
[EventType "swiss"]
[EventRounds "7"]
[EventCountry "WLS"]
[SourceTitle "BritBase"]
[Source "John Saunders"]
[SourceDate "2024.03.28"]
[SourceVersion "1"]
[SourceVersionDate "2024.03.28"]
[SourceQuality "1"]

1. d4 Nf6 2. Nf3 g6 3. e3 Bg7 4. Be2 O-O 5. Nbd2 c5 6. c3 b6 7. b3 Bb7 8. Bb2
d5 9. O-O Nc6 10. h3 Re8 11. Rc1 e5 12. dxe5 Nd7 13. Re1 Ndxe5 14. Nxe5 Nxe5
15. Nf3 Qc7 16. Qc2 Rad8 17. Red1 Re7 18. Rd2 Red7 19. Rcd1 Bc6 20. Nxe5 Bxe5
21. Bf3 Bg7 22. c4 d4 23. Bxc6 Qxc6 24. exd4 cxd4 25. Qd3 Qc5 26. Re2 Re7 27.
Rde1 Rde8 28. Kf1 Rxe2 29. Rxe2 Rxe2 30. Qxe2 Bf6 31. Qe4 Qa5 32. Bxd4 1/2-1/2

[Event "WLS-ch"]
[Site "Ogmore-by-Sea"]
[Date "1992.04.19"]
[Round "4"]
[White "James, David J"]
[Black "Adams, Mark A"]
[Result "1/2-1/2"]
[WhiteElo "2225"]
[BlackElo "2040"]
[PlyCount "80"]
[EventDate "1992.04.17"]
[EventType "swiss"]
[EventRounds "7"]
[EventCountry "WLS"]
[SourceTitle "BritBase"]
[Source "John Saunders"]
[SourceDate "2024.03.28"]
[SourceVersion "1"]
[SourceVersionDate "2024.03.28"]
[SourceQuality "1"]

1. d4 d5 2. Nf3 c6 3. c4 Nf6 4. Nc3 dxc4 5. a4 Bf5 6. e3 e6 7. Bxc4 Bb4 8. O-O
O-O 9. Qe2 Ne4 10. Nxe4 Bxe4 11. Nd2 Bg6 12. Rd1 Nd7 13. Nf1 Nf6 14. f3 Qc7 15.
Bd2 Be7 16. e4 Rad8 17. Bc3 Rfe8 18. Rac1 h5 19. b4 h4 20. Kh1 Nh5 21. Qb2 Bg5
22. Bd2 Qe7 23. b5 Kh7 24. bxc6 bxc6 25. Bxg5 Qxg5 26. Qd2 Qf6 27. Qe3 Rb8 28.
a5 Rb2 29. Rd2 Reb8 30. Rxb2 Rxb2 31. Qc3 Rb8 32. Ba6 Qg5 33. Ne3 Nf6 34. Bf1
Nh5 35. Nd1 h3 36. g3 Rb3 37. Qxb3 Qxc1 38. Bxh3 Qd2 39. Bf1 Qe1 40. Qd3 Qxa5
1/2-1/2

[Event "WLS-ch"]
[Site "Ogmore-by-Sea"]
[Date "1992.04.19"]
[Round "4"]
[White "Martin, David"]
[Black "Rizvi, Nasir"]
[Result "1/2-1/2"]
[WhiteElo "1900"]
[BlackElo "1990"]
[PlyCount "47"]
[EventDate "1992.04.17"]
[EventType "swiss"]
[EventRounds "7"]
[EventCountry "WLS"]
[SourceTitle "BritBase"]
[Source "John Saunders"]
[SourceDate "2024.03.28"]
[SourceVersion "1"]
[SourceVersionDate "2024.03.28"]
[SourceQuality "1"]

1. c4 e5 2. Nc3 g6 3. e4 Bg7 4. d3 d6 5. f4 Be6 6. Qb3 Qc8 7. Nf3 h6 8. Be3 Nc6
9. fxe5 dxe5 10. Nd5 f5 11. Be2 Nge7 12. a3 O-O 13. Qc2 Qd7 14. Rd1 a5 15. Qd2
Kh7 16. b4 axb4 17. axb4 Bxd5 18. exd5 Nd8 19. g3 g5 20. h3 Ng6 21. Qc2 Rf6 22.
d4 Rfa6 23. Nxe5 Nxe5 24. dxe5 1/2-1/2

[Event "WLS-ch"]
[Site "Ogmore-by-Sea"]
[Date "1992.04.19"]
[Round "4"]
[White "May, Adam John"]
[Black "Cordy, Steven"]
[Result "1-0"]
[WhiteElo "1840"]
[BlackElo "1995"]
[PlyCount "80"]
[EventDate "1992.04.17"]
[EventType "swiss"]
[EventRounds "7"]
[EventCountry "WLS"]
[SourceTitle "BritBase"]
[Source "John Saunders"]
[SourceDate "2024.03.28"]
[SourceVersion "1"]
[SourceVersionDate "2024.03.28"]
[SourceQuality "1"]

1. e4 c5 2. Nf3 Nc6 3. d4 cxd4 4. Nxd4 e5 5. Nb5 d6 6. c4 Be6 7. N1c3 a6 8. Na3
Be7 9. Be2 Nf6 10. Be3 O-O 11. O-O Rc8 12. Rc1 Nd7 13. Qd2 Nc5 14. f3 Qa5 15.
Rfd1 f5 16. Rb1 f4 17. Bf2 Na4 18. b4 Nxb4 19. Nxa4 Qxa4 20. Qxb4 Qxb4 21. Rxb4
d5 22. c5 Bxc5 23. Bxc5 Rxc5 24. exd5 Bxd5 25. Rxd5 Rxd5 26. Bc4 Rfd8 27. Rxb7
Kf8 28. Bxd5 Rxd5 29. Nb1 Rc5 30. a3 Rc1+ 31. Kf2 Rc2+ 32. Kf1 Rc1+ 33. Ke2
Rc2+ 34. Nd2 Rc3 35. a4 Re3+ 36. Kd1 Rd3 37. Rb6 Ra3 38. Rxa6 Ra1+ 39. Ke2 Rg1
40. Kf2 Rd1 1-0

[Event "WLS-ch"]
[Site "Ogmore-by-Sea"]
[Date "1992.04.19"]
[Round "4"]
[White "Morris, Charles F"]
[Black "Hannon, Mark"]
[Result "1/2-1/2"]
[WhiteElo "2220"]
[BlackElo "2050"]
[PlyCount "111"]
[EventDate "1992.04.17"]
[EventType "swiss"]
[EventRounds "7"]
[EventCountry "WLS"]
[SourceTitle "BritBase"]
[Source "John Saunders"]
[SourceDate "2024.03.28"]
[SourceVersion "1"]
[SourceVersionDate "2024.03.28"]
[SourceQuality "1"]

1. c4 f5 2. Nf3 Nf6 3. g3 g6 4. d4 Bg7 5. Bg2 O-O 6. O-O d6 7. Nc3 Qe8 8. Re1
c6 9. e4 fxe4 10. Nxe4 Nxe4 11. Rxe4 Bf5 12. Re3 Nd7 13. d5 Ne5 14. Nxe5 Bxe5
15. c5 Qd7 16. Qa4 Rac8 17. Bd2 cxd5 18. Bxd5+ Kg7 19. Qxd7 Bxd7 20. cxd6 exd6
21. Bc3 Bc6 22. Rd1 Bxd5 23. Rxd5 Bxc3 24. bxc3 Rc6 25. f4 Rf7 26. Kf2 Rfc7 27.
Rdd3 Ra6 28. Re2 Rac6 29. Ree3 Ra6 30. Re2 Kf6 31. Kf3 Re7 32. Red2 Ke6 33. g4
Kd7 34. c4 Kc7 35. h4 Re1 36. f5 gxf5 37. gxf5 Re5 38. Kf4 Kd7 39. Rg2 Raa5 40.
Rg7+ Kc6 41. Rd5 Rexd5 42. cxd5+ Kxd5 43. Rxh7 Rxa2 44. Rxb7 a5 45. Kg5 a4 46.
f6 a3 47. f7 Rf2 48. Kg6 a2 49. Ra7 Ke6 50. Rxa2 Rf6+ 51. Kg5 Rf5+ 52. Kg6 Rf6+
53. Kg5 Rf5+ 54. Kg4 Rxf7 55. Re2+ Kf6 56. Rf2+ 1/2-1/2

[Event "WLS-ch"]
[Site "Ogmore-by-Sea"]
[Date "1992.04.19"]
[Round "4"]
[White "Morris, Gareth"]
[Black "Evans, Carl"]
[Result "1-0"]
[WhiteElo "1975"]
[BlackElo "1830"]
[PlyCount "89"]
[EventDate "1992.04.17"]
[EventType "swiss"]
[EventRounds "7"]
[EventCountry "WLS"]
[SourceTitle "BritBase"]
[Source "John Saunders"]
[SourceDate "2024.03.28"]
[SourceVersion "1"]
[SourceVersionDate "2024.03.28"]
[SourceQuality "1"]

1. d4 g6 2. e4 Bg7 3. Nc3 c6 4. Be3 d5 5. e5 Nh6 6. Be2 f6 7. f4 Nd7 8. Nf3 Qc7
9. Qd2 Nf8 10. Nd1 Be6 11. c3 Nf5 12. g4 Nxe3 13. Nxe3 Qd7 14. Rg1 Rg8 15. Bd3
fxe5 16. fxe5 O-O-O 17. O-O-O Bh8 18. h4 Qe8 19. Kb1 Bd7 20. Qh2 Ne6 21. Ng5
Rg7 22. Nxe6 Bxe6 23. Rdf1 Qd7 24. g5 Qc7 25. Rf4 Rgg8 26. Rgf1 Bg7 27. h5 c5
28. h6 Bxe5 29. dxe5 Qxe5 30. Qg1 d4 31. Re4 Qd6 32. cxd4 cxd4 33. Nc4 Qa6 34.
Rc1 Kb8 35. Rxd4 Ka8 36. Na3 Bf5 37. Rxd8+ Rxd8 38. Bxf5 gxf5 39. Qc5 Qd3+ 40.
Ka1 Qd7 41. Nb5 b6 42. Qe5 a6 43. Nc7+ Kb7 44. Ne6 Rc8 45. Qc7+ 1-0

[Event "WLS-ch"]
[Site "Ogmore-by-Sea"]
[Date "1992.04.19"]
[Round "4"]
[White "O'Neill, Paul A"]
[Black "Fish, Andrew"]
[Result "1/2-1/2"]
[WhiteElo "2180"]
[BlackElo "2030"]
[PlyCount "29"]
[EventDate "1992.04.17"]
[EventType "swiss"]
[EventRounds "7"]
[EventCountry "WLS"]
[SourceTitle "BritBase"]
[Source "John Saunders"]
[SourceDate "2024.03.28"]
[SourceVersion "1"]
[SourceVersionDate "2024.03.28"]
[SourceQuality "1"]

1. Nf3 Nf6 2. g3 d5 3. Bg2 c5 4. c4 e6 5. cxd5 exd5 6. d4 Nc6 7. Nc3 Be6 8. O-O
cxd4 9. Nxd4 Bc5 10. Nb3 Be7 11. Bg5 O-O 12. Qd2 d4 13. Bxf6 Bxf6 14. Ne4 Bxb3
15. Nxf6+ 1/2-1/2

[Event "WLS-ch"]
[Site "Ogmore-by-Sea"]
[Date "1992.04.19"]
[Round "4"]
[White "Perrett, David C"]
[Black "Morton, Robert"]
[Result "1-0"]
[WhiteElo "2085"]
[BlackElo "1905"]
[PlyCount "67"]
[EventDate "1992.04.17"]
[EventType "swiss"]
[EventRounds "7"]
[EventCountry "WLS"]
[SourceTitle "BritBase"]
[Source "John Saunders"]
[SourceDate "2024.03.28"]
[SourceVersion "1"]
[SourceVersionDate "2024.03.28"]
[SourceQuality "1"]

1. d4 Nf6 2. Bg5 g6 3. Bxf6 exf6 4. e3 a6 5. Bd3 f5 6. Ne2 d6 7. c4 Nd7 8. Nbc3
Bg7 9. h4 h5 10. Qc2 Nf6 11. O-O-O c6 12. Kb1 b5 13. Rde1 bxc4 14. Bxc4 O-O 15.
Nf4 Kh7 16. Bd3 Qb6 17. Nh3 Rb8 18. Ng5+ Kg8 19. Rc1 Bd7 20. Bc4 c5 21. dxc5
dxc5 22. Qb3 Qxb3 23. Bxb3 Bc6 24. f3 Bd5 25. Nxd5 Nxd5 26. Rxc5 Nxe3 27. Rc7
Rfd8 28. Re1 f4 29. Re2 Rd4 30. Bxf7+ Kh8 31. Bb3 Nd5 32. Rxg7 Rxb3 33. Rh7+
Kg8 34. axb3 1-0

[Event "WLS-ch"]
[Site "Ogmore-by-Sea"]
[Date "1992.04.19"]
[Round "4"]
[White "Rayner, Francis"]
[Black "Cooper, John Grantley"]
[Result "0-1"]
[WhiteElo "2225"]
[BlackElo "2360"]
[PlyCount "62"]
[EventDate "1992.04.17"]
[EventType "swiss"]
[EventRounds "7"]
[EventCountry "WLS"]
[SourceTitle "BritBase"]
[Source "John Saunders"]
[SourceDate "2024.03.28"]
[SourceVersion "1"]
[SourceVersionDate "2024.03.28"]
[SourceQuality "1"]

1. e4 e5 2. Nf3 Nc6 3. Bb5 a6 4. Ba4 Nf6 5. O-O Be7 6. d4 exd4 7. e5 Ne4 8.
Nxd4 O-O 9. Nf5 d5 10. Bxc6 bxc6 11. Nxe7+ Qxe7 12. Re1 Re8 13. f3 Nd6 14. b3
Nf5 15. Qd2 d4 16. c3 c5 17. Ba3 Rd8 18. Qf2 Bb7 19. cxd4 Nxd4 20. Nc3 Qg5 21.
Ne4 Bxe4 22. Rxe4 Ne6 23. f4 (23. Bxc5 $11) (23. h4 $11) 23... Qf5 24. Rae1 Rd4
25. Qf3 Rad8 26. g4 $4 (26. Rxd4 $11) 26... Ng5 $19 27. Qg2 Rxe4 28. gxf5 Rxe1+
29. Kf2 Rd2+ 30. Kxe1 Rxg2 31. fxg5 Rxg5 0-1

[Event "WLS-ch"]
[Site "Ogmore-by-Sea"]
[Date "1992.04.19"]
[Round "4"]
[White "Richmond Garwell, Jane"]
[Black "Gilbert, Jonathan A"]
[Result "1-0"]
[WhiteElo "2125"]
[BlackElo "2060"]
[PlyCount "77"]
[EventDate "1992.04.17"]
[EventType "swiss"]
[EventRounds "7"]
[EventCountry "WLS"]
[SourceTitle "BritBase"]
[Source "John Saunders"]
[SourceDate "2024.03.28"]
[SourceVersion "1"]
[SourceVersionDate "2024.03.28"]
[SourceQuality "1"]

1. e4 c6 2. d4 d5 3. Nc3 dxe4 4. Nxe4 Nf6 5. Nxf6+ gxf6 6. c3 Bf5 7. Nf3 e6 8.
Bf4 Bd6 9. Qd2 Qc7 10. Bxd6 Qxd6 11. g3 Qd5 12. Bg2 Qe4+ 13. Qe3 Qxe3+ 14. fxe3
Be4 15. O-O Nd7 16. Nd2 Bxg2 17. Kxg2 f5 18. e4 fxe4 19. Nxe4 Ke7 20. Rf4 Rag8
21. Re1 Rg6 22. c4 h5 23. h4 Rg4 24. Rxg4 hxg4 25. d5 cxd5 26. cxd5 Rc8 27. Nc3
Nc5 28. Nb5 Nd3 29. Re2 Rc5 30. Nc3 Nxb2 31. d6+ Kd7 32. Ne4 Rb5 33. Rc2 f5 34.
Rc7+ Kd8 35. Nc5 Rxc5 36. Rxc5 Nd3 37. Rc7 e5 38. h5 f4 39. h6 1-0

[Event "WLS-ch"]
[Site "Ogmore-by-Sea"]
[Date "1992.04.19"]
[Round "4"]
[White "Williams, Leighton"]
[Black "Smith, David"]
[Result "1-0"]
[WhiteElo "1900"]
[BlackElo "1905"]
[PlyCount "79"]
[EventDate "1992.04.17"]
[EventType "swiss"]
[EventRounds "7"]
[EventCountry "WLS"]
[SourceTitle "BritBase"]
[Source "John Saunders"]
[SourceDate "2024.03.28"]
[SourceVersion "1"]
[SourceVersionDate "2024.03.28"]
[SourceQuality "1"]

1. e4 c5 2. Nf3 e6 3. d4 cxd4 4. Nxd4 Nc6 5. Nc3 a6 6. a4 Nge7 7. f4 Nxd4 8.
Qxd4 Nc6 9. Qf2 d5 10. exd5 exd5 11. Be3 Bb4 12. Be2 Bxc3+ 13. bxc3 O-O 14. O-O
Bf5 15. Bf3 Qa5 16. Ra3 Qd8 17. Rd1 Be6 18. c4 d4 19. Bxd4 Nxd4 20. Qxd4 Qe7
21. Rad3 Rac8 22. Bd5 Qc5 23. Qxc5 Rxc5 24. Bxe6 fxe6 25. Rd7 Rxc4 26. Rxb7
Rxc2 27. g3 Rc4 28. Rdd7 Rfc8 29. Rxg7+ Kh8 30. Rxh7+ Kg8 31. Rhe7 Rxa4 32. Kg2
Rac4 33. Rxe6 a5 34. Rg6+ Kf8 35. Rf6+ Kg8 36. Rg6+ Kf8 37. Rf6+ Kg8 38. Ra6
R4c5 39. Rba7 Rh5 40. Ra8 1-0

[Event "WLS-ch"]
[Site "Ogmore-by-Sea"]
[Date "1992.04.20"]
[Round "5"]
[White "Adams, Mark A"]
[Black "Morris, Charles F"]
[Result "0-1"]
[WhiteElo "2040"]
[BlackElo "2220"]
[PlyCount "58"]
[EventDate "1992.04.17"]
[EventType "swiss"]
[EventRounds "7"]
[EventCountry "WLS"]
[SourceTitle "BritBase"]
[Source "John Saunders"]
[SourceDate "2024.03.28"]
[SourceVersion "1"]
[SourceVersionDate "2024.03.28"]
[SourceQuality "1"]

1. d4 d5 2. c4 e6 3. Nc3 c5 4. Nf3 Nc6 5. e3 Nf6 6. Be2 dxc4 7. Bxc4 a6 8. a4
Be7 9. O-O O-O 10. Ne5 Qc7 11. Nxc6 bxc6 12. Qc2 cxd4 13. exd4 Rd8 14. Be3 Ng4
15. g3 Qa5 16. Be2 Qh5 17. Bxg4 Qxg4 18. Qe4 Qxe4 19. Nxe4 Rb8 20. Rfc1 f5 21.
Nc5 Bf6 22. Rc4 Rxb2 23. a5 Rb5 24. Nd3 Rd6 25. f4 Rb3 26. Rd1 Ra3 27. Rb4 Rxa5
28. Rb8 Rd8 29. d5 Raxd5 0-1

[Event "WLS-ch"]
[Site "Ogmore-by-Sea"]
[Date "1992.04.20"]
[Round "5"]
[White "Campbell, J"]
[Black "Williams, Leighton"]
[Result "1/2-1/2"]
[WhiteElo "1840"]
[BlackElo "1900"]
[PlyCount "29"]
[EventDate "1992.04.17"]
[EventType "swiss"]
[EventRounds "7"]
[EventCountry "WLS"]
[SourceTitle "BritBase"]
[Source "John Saunders"]
[SourceDate "2024.03.28"]
[SourceVersion "1"]
[SourceVersionDate "2024.03.28"]
[SourceQuality "1"]

1. d4 Nf6 2. c4 g6 3. Nc3 d5 4. Nf3 Bg7 5. Qb3 dxc4 6. Qxc4 O-O 7. e4 Bg4 8.
Be2 Nbd7 9. Be3 Ne8 10. Rd1 Nd6 11. Qb3 c6 12. Qc2 Rc8 13. Qd2 b5 14. h3 Be6
15. e5 1/2-1/2

[Event "WLS-ch"]
[Site "Ogmore-by-Sea"]
[Date "1992.04.20"]
[Round "5"]
[White "Cooper, John Grantley"]
[Black "Richmond, Peter Allan"]
[Result "1/2-1/2"]
[WhiteElo "2360"]
[BlackElo "2220"]
[PlyCount "199"]
[EventDate "1992.04.17"]
[EventType "swiss"]
[EventRounds "7"]
[EventCountry "WLS"]
[SourceTitle "BritBase"]
[Source "John Saunders"]
[SourceDate "2024.03.28"]
[SourceVersion "1"]
[SourceVersionDate "2024.03.28"]
[SourceQuality "1"]

1. d4 Nf6 2. c4 g6 3. Nc3 Bg7 4. e4 d6 5. Nf3 O-O 6. Be2 e5 7. d5 a5 8. Bg5 h6
9. Bh4 g5 10. Bg3 Nh5 11. Nd2 Nf4 12. O-O Qd7 13. h3 f5 14. exf5 Nxe2+ 15. Qxe2
Qxf5 16. Nde4 b6 17. f3 Rf7 18. Bf2 Bf8 19. Be3 Nd7 20. Qd2 Nf6 21. Ng3 Qg6 22.
Rae1 Nh7 23. b3 Kh8 24. a3 Ba6 25. Rc1 Bg7 26. Rf2 Rg8 27. Qc2 Nf8 28. Nce4 Bc8
29. b4 axb4 30. axb4 Rf4 31. c5 bxc5 32. bxc5 dxc5 33. Nxc5 Qxc2 34. Rfxc2 Rb4
35. Nd3 Rb3 36. Rc3 Rxc3 37. Rxc3 e4 38. Rxc7 exd3 39. Rxc8 Ng6 40. Rxg8+ Kxg8
41. Ne4 Kf7 42. Kf2 Bf8 43. g3 Ne5 44. Bd4 Nc4 45. Ke1 Bb4+ 46. Kd1 Ba5 47. Nf2
Bb6 48. Bxb6 Nxb6 49. Kd2 Nxd5 50. Kxd3 Kg6 51. Kd4 Ne7 52. Ke5 Nf5 53. Ne4 Ne3
54. Ke6 Nf5 55. Ke5 Ne3 56. Kd4 Nf5+ 57. Kd5 Ne7+ 58. Ke5 Nc6+ 59. Kd5 Ne7+ 60.
Kc4 Nc6 61. Kd3 Ne5+ 62. Ke3 Nc6 63. Nd6 Ne5 64. Ke4 Nc6 65. Kd5 Ne7+ 66. Ke6
Nc6 67. Nb5 Nd8+ 68. Kd5 Kf6 69. Nd4 Nf7 70. Nc6 Kg7 71. Ne5 Nd8 72. Ng4 Kg6
73. Kd6 Nb7+ 74. Kc6 Na5+ 75. Kd5 Nb7 76. Ne5+ Kf6 77. Nc6 Kf5 78. Nd4+ Kf6 79.
Nc6 Kf5 80. Nd4+ Kf6 81. Ne6 Na5 82. Nc5 Kf5 83. Ne4 Kg6 84. Nd2 Kf6 85. Nc4
Nb7 86. Ne3 Nd8 87. Ng4+ Kg6 88. Kd6 Nb7+ 89. Kc6 Na5+ 90. Kd5 Nb7 91. Ne5+ Kf6
92. Nc4 Nd8 93. Nd6 Kg6 94. Ne4 Nb7 95. Ke5 Na5 96. Kd6 Nb3 97. Ke5 Na5 98. Nd6
Nc6+ 99. Kd5 Ne7+ 100. Ke6 1/2-1/2

[Event "WLS-ch"]
[Site "Ogmore-by-Sea"]
[Date "1992.04.20"]
[Round "5"]
[White "Eustis, Ian P"]
[Black "Gilbert, Jonathan A"]
[Result "0-1"]
[WhiteElo "1880"]
[BlackElo "2060"]
[PlyCount "94"]
[EventDate "1992.04.17"]
[EventType "swiss"]
[EventRounds "7"]
[EventCountry "WLS"]
[SourceTitle "BritBase"]
[Source "John Saunders"]
[SourceDate "2024.03.28"]
[SourceVersion "1"]
[SourceVersionDate "2024.03.28"]
[SourceQuality "1"]

1. Nf3 d6 2. d4 Nf6 3. Bf4 c6 4. h3 Bf5 5. e3 Nbd7 6. Bd3 Bxd3 7. cxd3 e5 8.
Bh2 exd4 9. Nxd4 Qa5+ 10. Qd2 Qxd2+ 11. Kxd2 O-O-O 12. Nc3 Nb6 13. Rac1 g6 14.
a3 Be7 15. Rhd1 Kd7 16. b3 Rc8 17. a4 Rhd8 18. Nf3 d5 19. d4 Ke8 20. Ke2 Kf8
21. Ne5 a6 22. Nd3 Nbd7 23. a5 c5 24. Na4 cxd4 25. exd4 Ba3 26. Rxc8 Rxc8 27.
Nac5 Nxc5 28. Nxc5 Ne4 29. Nxe4 dxe4 30. Ra1 Be7 31. Ra4 Rc3 32. d5 f5 33. d6
Bd8 34. Rc4 Rxc4 35. bxc4 Bxa5 36. f3 exf3+ 37. Kxf3 Ke8 38. g4 fxg4+ 39. hxg4
Kd7 40. Ke4 Ke6 41. c5 Bc3 42. Kd3 Be1 43. Bf4 Bf2 44. Kc4 h5 45. gxh5 gxh5 46.
Bh2 h4 47. Kb4 Kd7 0-1

[Event "WLS-ch"]
[Site "Ogmore-by-Sea"]
[Date "1992.04.20"]
[Round "5"]
[White "Evans, Carl"]
[Black "May, Adam John"]
[Result "1/2-1/2"]
[WhiteElo "1830"]
[BlackElo "1840"]
[PlyCount "146"]
[EventDate "1992.04.17"]
[EventType "swiss"]
[EventRounds "7"]
[EventCountry "WLS"]
[SourceTitle "BritBase"]
[Source "John Saunders"]
[SourceDate "2024.03.28"]
[SourceVersion "1"]
[SourceVersionDate "2024.03.28"]
[SourceQuality "1"]

1. g3 Nf6 2. Bg2 g6 3. d3 Bg7 4. e4 d6 5. Nd2 c5 6. Ne2 Nc6 7. O-O Rb8 8. h3
O-O 9. a4 a6 10. Nc4 b5 11. axb5 axb5 12. Ne3 Bd7 13. f4 Qb6 14. Kh1 Ra8 15.
Rxa8 Rxa8 16. e5 Ne8 17. Nd5 Qd8 18. d4 Ra1 19. c3 cxd4 20. cxd4 Qa5 21. Ne3
Nb4 22. Qd2 Nc7 23. Nc3 Ne6 24. Ne4 dxe5 25. dxe5 Bc6 26. Qc3 Kf8 27. Rd1 Qa8
28. Qxb4 Ra4 29. Qb3 Bxe4 30. Qxb5 Bxg2+ 31. Nxg2 Nd4 32. Qd7 Ne6 33. Be3 Bh6
34. Kh2 Ra2 35. Bd4 Nxd4 36. Qxd4 Ra1 37. b4 Rxd1 38. Qxd1 Qb7 39. Qd8+ Kg7 40.
Qd4 Qb8 41. Ne3 Kg8 42. Qc5 Bf8 43. b5 e6 44. Qc6 Qd8 45. Ng2 Qd4 46. Qc1 Qb4
47. Qf1 Bc5 48. Nh4 Qb2+ 49. Kh1 Qb3 50. Nf3 Bb6 51. Qe2 Qd5 52. Kg2 h6 53. g4
Kg7 54. h4 Kg8 55. Kh2 Qc5 56. h5 gxh5 57. gxh5 Kf8 58. Kh3 Kg7 59. Qg2+ Kf8
60. Qe2 Kg7 61. Nh4 Qc3+ 62. Qf3 Qc5 63. Qg3+ Kf8 64. f5 Qxb5 65. fxe6 Qf1+ 66.
Qg2 Qxg2+ 67. Kxg2 fxe6 68. Kf3 Bd4 69. Ke4 Bb2 70. Kd3 Bxe5 71. Ng6+ Kf7 72.
Nxe5+ Kf6 73. Ke4 Kg5 1/2-1/2

[Event "WLS-ch"]
[Site "Ogmore-by-Sea"]
[Date "1992.04.20"]
[Round "5"]
[White "Evans, David K"]
[Black "Green, Karl"]
[Result "1-0"]
[WhiteElo "2050"]
[BlackElo "1780"]
[PlyCount "77"]
[EventDate "1992.04.17"]
[EventType "swiss"]
[EventRounds "7"]
[EventCountry "WLS"]
[SourceTitle "BritBase"]
[Source "John Saunders"]
[SourceDate "2024.03.28"]
[SourceVersion "1"]
[SourceVersionDate "2024.03.28"]
[SourceQuality "1"]

1. e4 g6 2. Nc3 Bg7 3. f4 d6 4. Nf3 Bg4 5. h3 Bxf3 6. Qxf3 c6 7. Bc4 Qb6 8. d3
Bd4 9. Nd1 Nd7 10. c3 Bg7 11. Ne3 e6 12. Bb3 Qc7 13. O-O Ne7 14. Bc2 O-O-O 15.
a4 Rdf8 16. f5 gxf5 17. exf5 exf5 18. Nxf5 Ne5 19. Nxe7+ Qxe7 20. Qf2 Kb8 21.
Be3 a6 22. Bf4 Qd7 23. d4 Ng6 24. Bf5 Qc7 25. b4 Ne7 26. Bd3 Nd5 27. Bd2 h5 28.
c4 Ne7 29. Bf4 Ka8 30. c5 Nc8 31. b5 Qa5 32. bxa6 bxa6 33. cxd6 Qc3 34. Qf3
Bxd4+ 35. Kh1 Na7 36. Rac1 Qb3 37. Rc4 Bg7 38. Rb1 Qa3 39. Rxc6 1-0

[Event "WLS-ch"]
[Site "Ogmore-by-Sea"]
[Date "1992.04.20"]
[Round "5"]
[White "Evans, John S"]
[Black "Smith, NJ"]
[Result "1-0"]
[WhiteElo "2000"]
[BlackElo "1780"]
[PlyCount "101"]
[EventDate "1992.04.17"]
[EventType "swiss"]
[EventRounds "7"]
[EventCountry "WLS"]
[SourceTitle "BritBase"]
[Source "John Saunders"]
[SourceDate "2024.03.28"]
[SourceVersion "1"]
[SourceVersionDate "2024.03.28"]
[SourceQuality "1"]

1. Nf3 Nf6 2. c4 c5 3. e3 e6 4. b3 b6 5. Bb2 Bb7 6. Be2 Be7 7. O-O O-O 8. d4
Ne4 9. Nc3 d6 10. Qc2 f5 11. Rad1 Nd7 12. d5 Nxc3 13. Bxc3 e5 14. Qb2 Bf6 15.
Nd2 Qe8 16. e4 g6 17. Qc2 Be7 18. Rde1 Bc8 19. f4 exf4 20. exf5 Bh4 21. fxg6
hxg6 22. Bg4 Bxe1 23. Be6+ Kh7 24. Rxe1 Ne5 25. Bxe5 dxe5 26. Rxe5 Bxe6 27.
Rxe6 Qf7 28. Nf3 Qf5 29. Qe2 Kg8 30. Nh4 f3 31. Nxf3 Rf6 32. Re5 Qb1+ 33. Kf2
Raf8 34. h3 Qa1 35. Kg3 Qc1 36. Re4 Rf4 37. Re6 R4f6 38. Re3 a5 39. Ne5 Rf2 40.
Qd3 R8f5 41. Ng4 Rd2 42. Qe4 Qf1 43. Nh6+ Kh7 44. Nxf5 Qf2+ 45. Kh2 Qxf5 46.
Qxf5 gxf5 47. a4 Kg7 48. Re6 f4 49. Kg1 Rd1+ 50. Kf2 Rd2+ 51. Kf1 1-0

[Event "WLS-ch"]
[Site "Ogmore-by-Sea"]
[Date "1992.04.20"]
[Round "5"]
[White "Fish, Andrew"]
[Black "Morris, Gareth"]
[Result "1-0"]
[WhiteElo "2030"]
[BlackElo "1975"]
[PlyCount "59"]
[EventDate "1992.04.17"]
[EventType "swiss"]
[EventRounds "7"]
[EventCountry "WLS"]
[SourceTitle "BritBase"]
[Source "John Saunders"]
[SourceDate "2024.03.28"]
[SourceVersion "1"]
[SourceVersionDate "2024.03.28"]
[SourceQuality "1"]

1. e4 c5 2. Nc3 e6 3. f4 a6 4. a4 d5 5. d3 Nc6 6. Nf3 Nf6 7. e5 Nd7 8. g3 Be7
9. Bh3 O-O 10. O-O b6 11. Qe2 Qc7 12. b3 Re8 13. Bb2 d4 14. Ne4 h6 15. Nfd2 Na5
16. Qh5 Bf8 17. g4 g6 18. Qh4 Qd8 19. Qg3 Kh8 20. Rae1 Be7 21. Nf3 f5 22. exf6
Nxf6 23. Nxf6 Bxf6 24. g5 hxg5 25. fxg5 Bg7 26. Ne5 Kg8 27. Nf7 Qe7 28. Nd6 Rf8
29. Rxf8+ Bxf8 30. Nxc8 1-0

[Event "WLS-ch"]
[Site "Ogmore-by-Sea"]
[Date "1992.04.20"]
[Round "5"]
[White "Hannon, Mark"]
[Black "O'Neill, Paul A"]
[Result "0-1"]
[WhiteElo "2050"]
[BlackElo "2180"]
[PlyCount "72"]
[EventDate "1992.04.17"]
[EventType "swiss"]
[EventRounds "7"]
[EventCountry "WLS"]
[SourceTitle "BritBase"]
[Source "John Saunders"]
[SourceDate "2024.03.28"]
[SourceVersion "1"]
[SourceVersionDate "2024.03.28"]
[SourceQuality "1"]

1. g3 Nf6 2. Bg2 g6 3. c4 Bg7 4. Nc3 O-O 5. e4 d6 6. Nge2 Nc6 7. O-O e5 8. d3
Nd4 9. Nxd4 exd4 10. Ne2 Nd7 11. g4 Qh4 12. h3 f5 13. gxf5 gxf5 14. f4 a5 15.
Bd2 Nc5 16. Be1 Qh6 17. exf5 Bxf5 18. Rf3 Rae8 19. Bxa5 Re7 20. b4 Nxd3 21. Ng3
Re1+ 22. Qxe1 Nxe1 23. Rxe1 b6 24. Nxf5 Rxf5 25. Rg3 Qxf4 26. Re8+ Kf7 27. Rf3
Qc1+ 28. Rf1 Rxf1+ 29. Bxf1 Kxe8 30. Bxb6 cxb6 31. c5 Qe3+ 32. Kg2 Be5 33. Bb5+
Kd8 34. cxb6 Bg3 35. h4 h5 36. b7 Qf2+ 0-1

[Event "WLS-ch"]
[Site "Ogmore-by-Sea"]
[Date "1992.04.20"]
[Round "5"]
[White "Jones, Iolo Cerredig"]
[Black "Rayner, Francis"]
[Result "1/2-1/2"]
[WhiteElo "2285"]
[BlackElo "2225"]
[PlyCount "30"]
[EventDate "1992.04.17"]
[EventType "swiss"]
[EventRounds "7"]
[EventCountry "WLS"]
[SourceTitle "BritBase"]
[Source "John Saunders"]
[SourceDate "2024.03.28"]
[SourceVersion "1"]
[SourceVersionDate "2024.03.28"]
[SourceQuality "1"]

1. Nf3 Nf6 2. g3 g6 3. Bg2 Bg7 4. O-O O-O 5. d3 c5 6. e4 Nc6 7. Nbd2 d5 8. Re1
Qc7 9. c3 b6 10. exd5 Nxd5 11. d4 cxd4 12. Nxd4 Nxd4 13. Bxd5 Nc6 14. Qe2 Bb7
15. Bg2 Ne5 1/2-1/2

[Event "WLS-ch"]
[Site "Ogmore-by-Sea"]
[Date "1992.04.20"]
[Round "5"]
[White "Miles, Richard J"]
[Black "Fletcher, John"]
[Result "1/2-1/2"]
[WhiteElo "2100"]
[BlackElo "1885"]
[PlyCount "41"]
[EventDate "1992.04.17"]
[EventType "swiss"]
[EventRounds "7"]
[EventCountry "WLS"]
[SourceTitle "BritBase"]
[Source "John Saunders"]
[SourceDate "2024.03.28"]
[SourceVersion "1"]
[SourceVersionDate "2024.03.28"]
[SourceQuality "1"]

1. d4 Nf6 2. Nf3 b5 3. g3 Bb7 4. Bg2 e6 5. O-O Be7 6. c3 c5 7. Qb3 O-O 8. Qxb5
Ba6 9. Qa4 Bxe2 10. Re1 Ba6 11. Ne5 d5 12. Be3 Qb6 13. Nd2 Bb5 14. Qc2 Nc6 15.
a4 cxd4 16. cxd4 Nb4 17. Qb3 Ba6 18. a5 Qb7 19. Rec1 Rac8 20. Rc3 Rc7 21. Rac1
1/2-1/2